A szinkronizálás és az inszeminálás hatásának vizsgálata a kocák szaporaságára és termékenységére

Elmentve itt :
Bibliográfiai részletek
Szerző: Szabó Gyula
További közreműködők: nincs megadva (Témavezető)
Dokumentumtípus: Szakdolgozat
Megjelent: 1974
Kulcsszavak:Mesterséges termékenyítés
Sertéstenyésztés
Tárgyszavak:
Online Access:http://diploma.bibl.u-szeged.hu/97988
LEADER 00768nta a2200217 i 4500
001 dipl97988
005 20220217105620.0
008 220217s1974 hu om 0|| zxx d
040 |a SZTE Diploma Repozitórium  |b hun 
041 |a zxx 
100 1 |a Szabó Gyula 
245 1 2 |a A szinkronizálás és az inszeminálás hatásának vizsgálata a kocák szaporaságára és termékenységére  |h [elektronikus dokumentum] /  |c Gyula Szabó 
260 |c 1974 
300 |a 26 
650 4 |a Agrár 
650 4 |a Agricultural sciences 
650 4 |a Animal and Dairy science 
695 |a Mesterséges termékenyítés 
695 |a Sertéstenyésztés 
700 1 |a nincs megadva  |e ths 
856 4 0 |u http://diploma.bibl.u-szeged.hu/id/eprint/97988/1/xxxx_szabo_gyula.pdf  |z Dokumentum-elérés